00998nam a2200265 a 450000100060000000300080000600500170001400800410003103500190007204000340009104100080012508200220013310000380015524500910019326000700028430000340035449000380038850000200042665000290044665000360047583000510051194200120056299900170057495201410059150720BD-RjUL20211209075543.0160828s1945 nz a 001 0 eng c a(BD-RjUL)50840 aSYBcSYBdOCLCQdBD-RjULbeng aeng a374223bTHA 19451 aThompson, Arthur Ballard.915185410aAdult education in New Zealand :ba critical & historical survey /cby A. B. Thompson. aWellington :bNew Zealand council for educational research,c1945 avii, 378 p. :bill. ;c23 cm.1 aEducational research series ;v22 aIncludes index. 0aAdult education.9151855 0aEducationzNew Zealand.9151856 0aEducational research series ;vno. 22.9151858 2ddccBK c50720d50720 00102ddc40708NFICaRUCLbRUCLcStackd1955-09-12eB. H. Blackwellg155.00l0o374 THA 1945r2016-08-28 00:00:00tC-2w2016-08-28yBK